| 000 | 01039nam a22003257a 4500 | ||
|---|---|---|---|
| 001 | BR7311014 | ||
| 003 | BR-BrBNA | ||
| 005 | 20230928084226.0 | ||
| 007 | ta | ||
| 008 | 230509b bl.||||| |||| 00| 0 por d | ||
| 040 |
_aBR-BrBNA _bpor _cBiblioteca Nacional de Agricultura |
||
| 041 | _a(Por) | ||
| 072 |
_aL00; E70 _b5212 _b9400 _b9700 _b/G514 |
||
| 090 | _ 5212 BR7311014 | ||
| 110 | 1 |
_aBanco do Nordeste do Brasil S.A., Fortaleza, CE. Escritorio Tecnico de Estudos Economicos do Nordeste _91166 |
|
| 245 | 1 | _aA pecuaria nos Cariris paraibanos. Perspectivas e diretrizes para o desenvolvimento economico da criacao animal nos Cariris velhos da Paraiba [bovino, laticinio, carne, Brasil] | |
| 250 | 1 | _a2. ed. | |
| 260 | 3 |
_aFortaleza, CE (Brasil): _c1959. |
|
| 300 | _a134 p. | ||
| 500 | _a32 tables | ||
| 650 | _aBOVINO | ||
| 650 | _aCARNE | ||
| 650 | _aLATICINIO | ||
| 650 | _aMERCADO | ||
| 650 | _aFORRAGEM | ||
| 650 | _aINDUSTRIALIZACAO | ||
| 650 | _aPARAIBA | ||
| 909 |
_a202309 _bLucia _c55 _dLucia Elande |
||
| 942 | _cBK | ||
| 999 |
_c17555 _d17555 |
||